Sledovanie a porovnanie fyzikálno-mechanických vlastností buničín pre výrobu jednostranne hladených bielených baliacich papierov

Na minha lista:
Detalhes bibliográficos
Autor principal: Šavrtková, Silvia (Author)
Formato: Manuscrito Livro
Idioma:eslovaco
Publicado em: Bratislava : STU v Bratislave FCHPT, 2002
Edição:Obháj.: 4.6.2002
Tags: Adicionar Tag
Sem tags, seja o primeiro a adicionar uma tag!

MARC

LEADER 00000ntm a22000003a 4500
001 stu76466
005 20150617225645.3
008 020704s2002----xo------------------slo-d
040 |a STU  |b slo 
041 0 |a slo 
044 |a xo 
100 1 |a Šavrtková, Silvia  |4 aut 
245 1 |a Sledovanie a porovnanie fyzikálno-mechanických vlastností buničín pre výrobu jednostranne hladených bielených baliacich papierov 
250 |a Obháj.: 4.6.2002 
260 |a Bratislava :  |b STU v Bratislave FCHPT,  |c 2002 
300 |a 67 s. Tab.,grafy,lit 
500 |a Špec.: Chemická technológia dreva, celulózy a papiera 
996 |b 284C026862  |c C*D13549  |l CCI  |s A  |a 24  |w stu76466_0001